000 00690nam a2200253Ia 4500
003 OSt
005 20221005080124.0
006 a|||||r|||| 00| 0
007 ta
008 221004b |||||||| |||| 00| 0 eng d
020 _a0861317467 (hbk)
024 _a80689
037 _bGift, 01/01/2005,
_cTextual
040 _aCRL
_cCRL
_beng
041 _2eng
_aeng
082 _aV2:1.L7, M8.1
100 _aSarkar Jadunath
245 0 _aFall of the mughal empire
260 _aNew Delhi
_bOrient Longman India
_c1988
300 _a287p.
_ccm.
650 _aHISTORY
942 _hV2:1.L7, M8.1
_cTEXL
_2cc
999 _c985713
_d985713